Freedom in the making of western culture

Αποθηκεύτηκε σε:
Λεπτομέρειες βιβλιογραφικής εγγραφής
Κύριος συγγραφέας: Patterson, Orlando 1940-
Μορφή: Βιβλίο
Γλώσσα:English
Δημοσίευση: London : I. B. Tauris, c1991
Σειρά:Freedom ; ; 1
Θέματα:
Ετικέτες: Προσθήκη ετικέτας
Δεν υπάρχουν, Καταχωρήστε ετικέτα πρώτοι!

MARC

LEADER 00000nam a2200000 i 4500
001 1/92565
008 991115s1991 eng d
020 |a 0-465-02532-3 
035 |l 10054095 
040 |a GR-MY-UA  |b gre  |e aacr 
041 0 |a eng 
082 0 |a 323.44 
100 1 |a Patterson, Orlando  |d 1940- 
245 1 0 |a Freedom in the making of western culture /  |c Orlando Patterson 
260 |a London :   |b I. B. Tauris,   |c c1991 
300 |a 487 p. 
490 1 |a Freedom  |v ; 1 
504 |a Includes biobliographical references and index 
650 0 0 |a Liberty  |x History. 
830 0 |a Freedom ;  |v ; 1 
852 |a INST  |b LESVOS  |e 19991115  |h 323.44 PAT  |p 005100022623  |q 005100022623  |t BK  |y 0 
901 |a BIBL1-1999-3 
909 |a Λ  |b 066710 
922 |a 1ΕΛΗ  |b 199907  |c ΚΠΣ/ΤΚ  |d ΠΑΠΑΣΩΤΗΡΙΟΥ 
950 |a 103-1998-07-27 
970 |a ΤΖΑΦΕΡΗ  |b ΕΥΑΓΓΕΛΙΑ  |z 1999/12/06